| 000 | 00898nam a22001697a 4500 | ||
|---|---|---|---|
| 008 | 111115s1998 ua||||||r||| 000 0 ara d | ||
| 082 |
_222 _a243 _bو ا ت |
||
| 245 |
_aالقضاء والقدر فى فجر الإسلام وضحاه القرون الثلاثة الأولى / _cتأليف و.مونتجمرى وات. ؛ ترجمة ودراسة عبد الرحمن عبدالله الشيخ |
||
| 260 |
_aالقاهرة : _bالهيئة المصرية العامة للكتاب، _c1998. |
||
| 300 |
_a295 ص. ؛ _c24 سم. |
||
| 500 | _aهذه ترجمة لكتاب : Free Will and Predestination in Early Islam /by W. Montgomery Watt, 1942 | ||
| 504 | _aيشتمل على إرجاعات ببليوجرافية: ص290-295 | ||
| 650 |
_927094 _aالقضاء والقدر |
||
| 653 |
_bGeneral _cNovember2011 |
||
| 700 |
_927752 _aالشيخ، عبدالرحمن عبدالله. |
||
| 942 |
_2ddc _cBB |
||
| 999 |
_c16212 _d16212 |
||